[Event "ROM-ch U08"]
[Site "Calimanesti"]
[Date "2018.04.01"]
[Round "7"]
[White "Terzea, Eduard Andrei"]
[Black "Codrea, Ioan Florin"]
[Result "1/2-1/2"]
[WhiteElo "1001"]
[BlackElo "1001"]
[PlyCount "43"]
[EventDate "2018.03.27"]
[EventType "swiss"]
[EventRounds "9"]
[EventCountry "ROU"]
[SourceTitle "CBM 183 Extra"]
[Source "ChessBase"]
[SourceDate "2018.04.19"]
[SourceVersion "1"]
[SourceVersionDate "2018.04.19"]
[SourceQuality "1"]

1. d4 d5 2. Nf3 Nf6 3. e3 Bg4 4. Nbd2 e6 5. Bd3 Nc6 6. c3 Bd6 7. b3 0-0 8. Bb2 Bxf3 9. Nxf3 Ng4 10. 0-0 Nxh2 11. Nxh2 Bxh2+ 12. Kxh2 Rb8 13. Bb5 f6 14. Bxc6 bxc6 15. Ba3 Rf7 16. Bc5 Ra8 17. c4 dxc4 18. bxc4 e5 19. dxe5 Qxd1 20. Rfxd1 Rff8 21. Bxf8 Rxf8 22. f3 1/2-1/2